| 000 | 00394nam a22001217a 4500 | ||
|---|---|---|---|
| 082 | _a220 PRO | ||
| 100 |
_aMubashir Ahmed Adeel Tabassum Yasir Waseem _971305 |
||
| 245 | _aPR-SOF-1453-Design, Analysis and Fabrication of Spiral HAWT Based on Archimedes Screw | ||
| 260 |
_aISLAMABAD _bNUST COLLEGE OF EME _c2015 |
||
| 650 |
_aDE-MECH-33 _971306 |
||
| 700 |
_aDr. Tariq Talha _931642 |
||
| 942 | _cCR | ||
| 999 |
_c577895 _d577895 |
||